[Event "Top 12 Feminin Groupe A"]
[Site "Juvisy sur Orge"]
[Date "2018.05.06"]
[Round "3.3"]
[White "Abbassi, Zeyneb"]
[Black "Sidibe, Malika"]
[Result "1-0"]
[WhiteElo "1766"]
[BlackElo "1830"]
[PlyCount "53"]
[EventDate "2018.05.06"]



1. d4 {[%clk 1:30:59]} Nf6 {[%clk 1:30:55]} 2. Bf4 {[%clk 1:31:25]} d5
{[%clk 1:31:13]} 3. e3 {[%clk 1:31:50]} c5 {[%clk 1:31:34]} 4. c3
{[%clk 1:32:02]} Nc6 {[%clk 1:31:54]} 5. Nd2 {[%clk 1:32:26]} e6 {[%clk 1:30:13]}
6. Bd3 {[%clk 1:32:24]} Bd6 {[%clk 1:27:46]} 7. Bg3 {[%clk 1:32:35]} e5
{[%clk 1:12:28]} 8. dxe5 {[%clk 1:31:01]} Bxe5 {[%clk 1:11:43]} 9. Ngf3
{[%clk 1:31:08]} Bc7 {[%clk 1:05:21]} 10. O-O {[%clk 1:30:30]} Bxg3
{[%clk 1:05:29]} 11. hxg3 {[%clk 1:29:54]} O-O {[%clk 1:03:41]} 12. Qc2
{[%clk 1:23:35]} Qc7 {[%clk 0:48:15]} 13. e4 {[%clk 1:22:13]} c4 {[%clk 0:43:10]}
14. Be2 {[%clk 1:21:16]} Re8 {[%clk 0:27:55]} 15. exd5 {[%clk 1:11:38]} Na5
{[%clk 0:20:04]} 16. Nd4 {[%clk 0:50:21]} Nxd5 {[%clk 0:17:49]} 17. Bf3
{[%clk 0:48:56]} Nf6 {[%clk 0:16:17]} 18. Rfe1 {[%clk 0:44:55]} Bg4
{[%clk 0:13:16]} 19. Ne4 {[%clk 0:43:20]} Bxf3 {[%clk 0:07:38]} 20. Nxf6+
{[%clk 0:43:25]} gxf6 {[%clk 0:08:06]} 21. gxf3 {[%clk 0:42:01]} Nc6
{[%clk 0:07:15]} 22. Nf5 {[%clk 0:27:43]} Ne5 {[%clk 0:02:20]} 23. Kg2
{[%clk 0:24:53]} Rad8 {[%clk 0:01:45]} 24. Qe4 {[%clk 0:12:44]} Qd7
{[%clk 0:01:30]} 25. Rad1 {[%clk 0:06:31]} Qc6 {[%clk 0:01:45]} 26. Rxd8
{[%clk 0:06:40]} Rxd8 {[%clk 0:02:08]} 27. Ne7+ {[%clk 0:07:04]} 1-0

[Event "Top 12 Feminin Groupe A"]
[Site "Juvisy sur Orge"]
[Date "2018.05.06"]
[Round "3.4"]
[White "De Talance, Berenice"]
[Black "Tsulaia, Salome"]
[Result "1-0"]
[WhiteElo "1660"]
[BlackElo "1430"]
[PlyCount "79"]
[EventDate "2018.05.06"]



1. c4 {[%clk 1:30:52]} Nf6 {[%clk 1:29:46]} 2. Nc3 {[%clk 1:30:34]} g6
{[%clk 1:29:18]} 3. e4 {[%clk 1:28:41]} d6 {[%clk 1:29:35]} 4. Nf3
{[%clk 1:28:18]} Bg7 {[%clk 1:29:37]} 5. d4 {[%clk 1:27:01]} Bg4 {[%clk 1:21:19]}
6. h3 {[%clk 1:23:55]} Bxf3 {[%clk 1:21:11]} 7. Qxf3 {[%clk 1:23:42]} e5
{[%clk 1:21:18]} 8. dxe5 {[%clk 1:12:04]} dxe5 {[%clk 1:21:47]} 9. Bg5
{[%clk 1:11:41]} c6 {[%clk 1:17:43]} 10. Rd1 {[%clk 1:07:02]} Qe7
{[%clk 1:14:04]} 11. Be2 {[%clk 1:02:39]} Nbd7 {[%clk 1:03:58]} 12. Qe3
{[%clk 1:02:08]} O-O {[%clk 1:03:36]} 13. Bh6 {[%clk 1:01:55]} Nc5
{[%clk 1:01:15]} 14. Bxg7 {[%clk 0:58:59]} Kxg7 {[%clk 1:01:42]} 15. O-O
{[%clk 0:54:21]} Ne6 {[%clk 0:56:22]} 16. Kh1 {[%clk 0:43:51]} Qc5
{[%clk 0:49:18]} 17. Qxc5 {[%clk 0:42:06]} Nxc5 {[%clk 0:49:47]} 18. Bd3
{[%clk 0:38:35]} Rad8 {[%clk 0:49:44]} 19. Bc2 {[%clk 0:38:54]} Rd4
{[%clk 0:38:27]} 20. b3 {[%clk 0:32:53]} Rfd8 {[%clk 0:36:24]} 21. f3
{[%clk 0:32:29]} Nh5 {[%clk 0:34:35]} 22. Rf2 {[%clk 0:22:12]} Nf4
{[%clk 0:26:35]} 23. Kh2 {[%clk 0:15:26]} h6 {[%clk 0:18:32]} 24. g3
{[%clk 0:11:37]} Nfe6 {[%clk 0:19:02]} 25. f4 {[%clk 0:06:50]} exf4
{[%clk 0:13:46]} 26. gxf4 {[%clk 0:06:26]} a5 {[%clk 0:06:50]} 27. f5
{[%clk 0:04:55]} Ng5 {[%clk 0:04:54]} 28. fxg6 {[%clk 0:03:58]} fxg6
{[%clk 0:05:09]} 29. Rxd4 {[%clk 0:03:13]} Rxd4 {[%clk 0:05:35]} 30. Re2
{[%clk 0:02:33]} Nf3+ {[%clk 0:03:33]} 31. Kg3 {[%clk 0:02:35]} Ne5
{[%clk 0:02:38]} 32. Re3 {[%clk 0:01:12]} Rd6 {[%clk 0:01:17]} 33. Re1
{[%clk 0:01:01]} Rd2 {[%clk 4:04:45]} 34. Re2 {[%clk 0:01:13]} Rd6
{[%clk 0:01:34]} 35. Kf4 {[%clk 0:01:02]} Ncd7 {[%clk 0:01:52]} 36. Ke3
{[%clk 0:01:00]} Rf6 {[%clk 0:02:13]} 37. Rf2 {[%clk 0:01:02]} Rxf2
{[%clk 0:01:26]} 38. Kxf2 {[%clk 0:01:27]} Kf6 {[%clk 0:01:50]} 39. Ke3
{[%clk 0:01:40]} Kg5 {[%clk 0:01:30]} 40. Nd1 {[%clk 0:00:40]} 1-0

[Event "Top 12 Feminin Groupe A"]
[Site "Juvisy sur Orge"]
[Date "2018.05.06"]
[Round "3.5"]
[White "Matnadze, Ana"]
[Black "Cornette, Deimante"]
[Result "1/2-1/2"]
[WhiteElo "2388"]
[BlackElo "2461"]
[PlyCount "134"]
[EventDate "2018.05.06"]

1. Nf3 {[%clk 1:30:51]} Nf6 {[%clk 1:30:42]} 2. c4 {[%clk 1:30:46]} e6
{[%clk 1:30:12]} 3. g3 {[%clk 1:31:01]} c5 {[%clk 1:28:29]} 4. Bg2
{[%clk 1:31:23]} d5 {[%clk 1:26:23]} 5. b3 {[%clk 1:30:23]} d4 {[%clk 1:24:26]}
6. e3 {[%clk 1:27:11]} Nc6 {[%clk 1:22:26]} 7. O-O {[%clk 1:25:50]} Bd6
{[%clk 1:21:16]} 8. Bb2 {[%clk 1:24:41]} e5 {[%clk 1:20:45]} 9. exd4
{[%clk 1:16:14]} cxd4 {[%clk 1:19:57]} 10. d3 {[%clk 1:14:14]} O-O
{[%clk 1:19:50]} 11. a3 {[%clk 1:13:56]} a5 {[%clk 1:19:33]} 12. Nbd2
{[%clk 1:13:03]} Bf5 {[%clk 1:06:18]} 13. Qe2 {[%clk 1:09:11]} Re8
{[%clk 1:02:34]} 14. Nh4 {[%clk 1:07:23]} Bg4 {[%clk 1:01:26]} 15. Bf3
{[%clk 1:00:06]} Bxf3 {[%clk 0:58:16]} 16. Qxf3 {[%clk 0:59:45]} g6
{[%clk 0:57:47]} 17. Rfe1 {[%clk 0:56:23]} Nd7 {[%clk 0:51:39]} 18. Qd5
{[%clk 0:36:36]} Be7 {[%clk 0:29:44]} 19. Ne4 {[%clk 0:29:07]} Nf6
{[%clk 0:26:08]} 20. Qxd8 {[%clk 0:19:16]} Raxd8 {[%clk 0:26:17]} 21. Nxf6+
{[%clk 0:18:26]} Bxf6 {[%clk 0:26:41]} 22. Nf3 {[%clk 0:18:36]} Bg7
{[%clk 0:26:35]} 23. g4 {[%clk 0:16:35]} f5 {[%clk 0:24:08]} 24. gxf5
{[%clk 0:16:25]} gxf5 {[%clk 0:24:27]} 25. Nh4 {[%clk 0:15:00]} Ne7
{[%clk 0:20:01]} 26. b4 {[%clk 0:08:09]} Bf6 {[%clk 0:19:19]} 27. Ng2
{[%clk 0:07:45]} Ng6 {[%clk 0:18:32]} 28. f3 {[%clk 0:07:31]} Kf7
{[%clk 0:14:11]} 29. Re2 {[%clk 0:05:07]} axb4 {[%clk 0:05:31]} 30. axb4
{[%clk 0:05:34]} Ra8 {[%clk 0:05:51]} 31. Ree1 {[%clk 0:03:48]} Bg5
{[%clk 0:03:21]} 32. b5 {[%clk 0:02:21]} Bd2 {[%clk 0:01:32]} 33. Red1
{[%clk 0:02:08]} Bb4 {[%clk 0:01:06]} 34. Kf2 {[%clk 0:02:15]} Bc5
{[%clk 0:01:13]} 35. Re1 {[%clk 0:01:02]} Be7 {[%clk 0:00:49]} 36. Ke2
{[%clk 0:01:16]} Bb4 {[%clk 0:00:51]} 37. Red1 {[%clk 0:00:58]} Rg8
{[%clk 0:00:43]} 38. Kf1 {[%clk 0:00:52]} Bc5 {[%clk 0:00:40]} 39. Re1
{[%clk 0:01:04]} Rge8 {[%clk 0:00:58]} 40. Red1 {[%clk 0:01:02]} Rxa1
{[%clk 0:00:57]} 41. Rxa1 {[%clk 0:01:26]} e4 {[%clk 0:01:11]} 42. fxe4
{[%clk 0:01:23]} fxe4 {[%clk 0:01:37]} 43. dxe4 {[%clk 0:01:10]} Rxe4
{[%clk 0:01:43]} 44. Ba3 {[%clk 0:00:58]} Bxa3 {[%clk 0:01:02]} 45. Rxa3
{[%clk 0:01:27]} Ne5 {[%clk 0:01:13]} 46. c5 {[%clk 0:00:35]} d3 {[%clk 0:01:16]}
47. Ra2 {[%clk 0:00:33]} Rc4 {[%clk 0:00:52]} 48. c6 {[%clk 0:00:40]} bxc6
{[%clk 0:01:05]} 49. bxc6 {[%clk 0:01:05]} Rxc6 {[%clk 0:01:04]} 50. Ke1
{[%clk 0:00:39]} Nf3+ {[%clk 0:00:52]} 51. Kd1 {[%clk 0:00:50]} Rb6
{[%clk 0:00:38]} 52. Ra1 {[%clk 0:00:49]} Rb2 {[%clk 0:00:51]} 53. Ne1
{[%clk 0:00:33]} Nxe1 {[%clk 0:00:46]} 54. Kxe1 {[%clk 0:01:00]} Rxh2
{[%clk 0:01:01]} 55. Ra6 {[%clk 0:00:36]} Re2+ {[%clk 0:00:41]} 56. Kd1
{[%clk 0:01:03]} h5 {[%clk 0:00:44]} 57. Rd6 {[%clk 0:00:42]} Re6
{[%clk 0:00:40]} 58. Rxd3 {[%clk 0:00:44]} Kf6 {[%clk 0:00:59]} 59. Kd2
{[%clk 0:00:51]} Kf5 {[%clk 0:00:59]} 60. Re3 {[%clk 0:01:09]} Ra6
{[%clk 0:01:06]} 61. Ke2 {[%clk 0:01:24]} Kf4 {[%clk 0:01:19]} 62. Rb3
{[%clk 0:01:07]} h4 {[%clk 0:01:24]} 63. Kf2 {[%clk 0:01:26]} Ra2+
{[%clk 0:01:46]} 64. Kg1 {[%clk 0:01:50]} Ra4 {[%clk 0:02:01]} 65. Kh2
{[%clk 0:02:10]} Kg4 {[%clk 0:02:28]} 66. Rc3 {[%clk 0:02:32]} Rf4
{[%clk 0:02:39]} 67. Ra3 {[%clk 0:02:56]} Rc4 {[%clk 0:02:58]} 1/2-1/2

[Event "Top 12 Feminin Groupe A"]
[Site "Juvisy sur Orge"]
[Date "2018.05.06"]
[Round "3.6"]
[White "Cramling, Pia"]
[Black "Safranska, Anda"]
[Result "1-0"]
[WhiteElo "2448"]
[BlackElo "2200"]
[PlyCount "53"]
[EventDate "2018.05.06"]

1. d4 {[%clk 1:30:57]} d6 {[%clk 1:30:52]} 2. e4 {[%clk 1:30:56]} g6
{[%clk 1:31:17]} 3. Nc3 {[%clk 1:31:00]} Bg7 {[%clk 1:31:41]} 4. Bg5
{[%clk 1:31:18]} a6 {[%clk 1:30:54]} 5. Qd2 {[%clk 1:31:14]} b5 {[%clk 1:30:52]}
6. a4 {[%clk 1:28:53]} b4 {[%clk 1:30:28]} 7. Nd1 {[%clk 1:29:14]} Bb7
{[%clk 1:27:48]} 8. f3 {[%clk 1:27:35]} a5 {[%clk 1:26:44]} 9. c3
{[%clk 1:25:40]} bxc3 {[%clk 1:25:34]} 10. bxc3 {[%clk 1:25:47]} Nd7
{[%clk 1:25:48]} 11. Nh3 {[%clk 1:19:05]} Ngf6 {[%clk 1:25:37]} 12. Bh6
{[%clk 1:16:46]} O-O {[%clk 1:25:47]} 13. Bxg7 {[%clk 1:16:31]} Kxg7
{[%clk 1:26:12]} 14. Be2 {[%clk 1:16:21]} e5 {[%clk 1:25:57]} 15. O-O
{[%clk 1:12:43]} Qe7 {[%clk 1:20:42]} 16. Nhf2 {[%clk 1:05:08]} Rfd8
{[%clk 1:17:05]} 17. Ne3 {[%clk 0:57:54]} Nb6 {[%clk 1:13:05]} 18. Rfb1
{[%clk 0:54:54]} Kh8 {[%clk 1:04:41]} 19. d5 {[%clk 0:50:08]} Nfd7
{[%clk 0:59:46]} 20. Bb5 {[%clk 0:49:58]} Nc5 {[%clk 0:51:23]} 21. Nd3
{[%clk 0:49:19]} Nxd3 {[%clk 0:48:39]} 22. Qxd3 {[%clk 0:49:39]} Rdb8
{[%clk 0:48:27]} 23. c4 {[%clk 0:42:29]} Nd7 {[%clk 0:48:20]} 24. Bxd7
{[%clk 0:41:13]} Qxd7 {[%clk 0:48:44]} 25. Qc3 {[%clk 0:40:31]} c6
{[%clk 0:46:15]} 26. c5 {[%clk 0:29:51]} Qe7 {[%clk 0:32:50]} 27. Rb6
{[%clk 0:20:25]} Qc7 {[%clk 0:29:23]} 28. Rab1 {[%clk 0:18:42]} cxd5
{[%clk 0:26:14]} 29. exd5 {[%clk 0:18:42]} Bc8 {[%clk 0:23:32]} 30. Rxb8
{[%clk 0:12:37]} Rxb8 {[%clk 0:23:56]} 31. Rxb8 {[%clk 0:12:49]} Qxb8
{[%clk 0:24:21]} 32. cxd6 {[%clk 0:13:05]} f6 {[%clk 0:24:11]} 33. h3
{[%clk 0:12:20]} Bd7 {[%clk 0:23:26]} 34. Qc7 {[%clk 0:12:21]} Qe8
{[%clk 0:22:13]} 35. Nc4 {[%clk 0:11:14]} e4 {[%clk 0:22:06]} 36. fxe4
{[%clk 0:10:49]} Qxe4 {[%clk 0:18:43]} 37. Qd8+ {[%clk 0:10:01]} 1-0

[Event "Top 12 Feminin Groupe A"]
[Site "Juvisy sur Orge"]
[Date "2018.05.06"]
[Round "3.7"]
[White "Flear, Christine"]
[Black "Dornbusch, Tatiana"]
[Result "0-1"]
[WhiteElo "2090"]
[BlackElo "2290"]
[PlyCount "56"]
[EventDate "2018.05.06"]

1. d4 {[%clk 1:30:52]} Nf6 {[%clk 1:30:40]} 2. c4 {[%clk 1:31:11]} c5
{[%clk 1:31:02]} 3. d5 {[%clk 1:31:34]} b5 {[%clk 1:31:28]} 4. Qc2
{[%clk 1:31:45]} d6 {[%clk 1:29:37]} 5. e4 {[%clk 1:31:43]} b4 {[%clk 1:28:33]}
6. a3 {[%clk 1:30:39]} bxa3 {[%clk 1:26:28]} 7. Rxa3 {[%clk 1:31:00]} g6
{[%clk 1:26:29]} 8. h3 {[%clk 1:27:25]} Bg7 {[%clk 1:20:33]} 9. Nf3
{[%clk 1:27:20]} Nxe4 {[%clk 1:12:37]} 10. Qxe4 {[%clk 1:26:00]} Bf5
{[%clk 1:12:49]} 11. Qh4 {[%clk 1:25:28]} Bxb1 {[%clk 1:12:36]} 12. Re3
{[%clk 1:20:13]} O-O {[%clk 0:51:48]} 13. Qxe7 {[%clk 1:13:57]} Na6
{[%clk 0:42:53]} 14. Qxd8 {[%clk 0:47:03]} Rfxd8 {[%clk 0:43:16]} 15. Nd2
{[%clk 0:44:08]} Bc2 {[%clk 0:42:33]} 16. Be2 {[%clk 0:30:01]} Re8
{[%clk 0:37:23]} 17. Bd1 {[%clk 0:26:18]} Nb4 {[%clk 0:35:18]} 18. O-O
{[%clk 0:26:01]} Rxe3 {[%clk 0:34:52]} 19. fxe3 {[%clk 0:26:19]} Bd3
{[%clk 0:34:24]} 20. b3 {[%clk 0:13:32]} Bxf1 {[%clk 0:33:02]} 21. Nxf1
{[%clk 0:13:50]} Nd3 {[%clk 0:22:55]} 22. Bd2 {[%clk 0:13:37]} a5
{[%clk 0:22:10]} 23. e4 {[%clk 0:12:02]} a4 {[%clk 0:18:40]} 24. bxa4
{[%clk 0:12:18]} Nb2 {[%clk 0:18:15]} 25. Be2 {[%clk 0:09:16]} Rxa4
{[%clk 0:18:03]} 26. Ne3 {[%clk 0:08:56]} Bd4 {[%clk 0:17:49]} 27. Kh2
{[%clk 0:09:16]} Bxe3 {[%clk 0:14:14]} 28. Bxe3 {[%clk 0:09:43]} Nxc4
{[%clk 0:14:32]} 0-1

[Event "Top 12 Feminin Groupe A"]
[Site "Juvisy sur Orge"]
[Date "2018.05.06"]
[Round "3.8"]
[White "Beresovska, Svetlana"]
[Black "Dubois, Marie"]
[Result "0-1"]
[WhiteElo "1812"]
[BlackElo "1963"]
[PlyCount "68"]
[EventDate "2018.05.06"]



1. e4 {[%clk 1:30:57]} c5 {[%clk 1:30:54]} 2. Nf3 {[%clk 1:31:22]} d6
{[%clk 1:31:19]} 3. d4 {[%clk 1:31:47]} cxd4 {[%clk 1:31:43]} 4. Nxd4
{[%clk 1:32:14]} Nf6 {[%clk 1:32:05]} 5. Nc3 {[%clk 1:32:40]} a6 {[%clk 1:32:30]}
6. h3 {[%clk 1:32:58]} e5 {[%clk 1:31:20]} 7. Nde2 {[%clk 1:33:09]} Be6
{[%clk 1:28:06]} 8. g4 {[%clk 1:31:51]} Nc6 {[%clk 1:16:18]} 9. g5
{[%clk 1:29:20]} Nd7 {[%clk 1:14:36]} 10. Be3 {[%clk 1:25:40]} Rc8
{[%clk 1:07:19]} 11. Bg2 {[%clk 1:22:33]} Be7 {[%clk 1:01:42]} 12. h4
{[%clk 1:18:21]} b5 {[%clk 0:53:07]} 13. O-O {[%clk 1:06:56]} O-O
{[%clk 0:46:39]} 14. Qd2 {[%clk 0:49:40]} Qc7 {[%clk 0:30:14]} 15. Rac1
{[%clk 0:36:51]} Nb6 {[%clk 0:22:01]} 16. Nd5 {[%clk 0:28:06]} Bxd5
{[%clk 0:21:31]} 17. exd5 {[%clk 0:28:26]} Nc4 {[%clk 0:20:13]} 18. Qc3
{[%clk 0:27:29]} Nxe3 {[%clk 0:14:17]} 19. Qxe3 {[%clk 0:27:31]} Na5
{[%clk 0:13:27]} 20. b3 {[%clk 0:25:33]} f6 {[%clk 0:08:52]} 21. f4
{[%clk 0:12:59]} fxg5 {[%clk 0:08:46]} 22. fxg5 {[%clk 0:10:26]} Nb7
{[%clk 0:05:02]} 23. Bh3 {[%clk 0:09:08]} Ra8 {[%clk 0:03:45]} 24. Ng3
{[%clk 0:06:37]} Rxf1+ {[%clk 0:03:19]} 25. Bxf1 {[%clk 0:06:26]} Qd7
{[%clk 0:02:30]} 26. Kh2 {[%clk 0:06:10]} Qg4 {[%clk 0:01:40]} 27. Qe4
{[%clk 0:03:51]} Qxe4 {[%clk 0:02:03]} 28. Nxe4 {[%clk 0:04:17]} Rf8
{[%clk 0:02:08]} 29. Bh3 {[%clk 0:03:24]} Rf4 {[%clk 0:02:24]} 30. Re1
{[%clk 0:03:14]} Rxh4 {[%clk 0:02:25]} 31. Kg3 {[%clk 0:03:25]} Rf4
{[%clk 0:02:36]} 32. Bg2 {[%clk 0:02:46]} h6 {[%clk 0:02:58]} 33. gxh6
{[%clk 0:02:50]} Bh4+ {[%clk 0:03:23]} 34. Kh3 {[%clk 0:02:55]} Bxe1
{[%clk 0:03:46]} 0-1

[Event "Top 12 Feminin Groupe A"]
[Site "Juvisy sur Orge"]
[Date "2018.05.06"]
[Round "4.1"]
[White "Savina, Anastasia"]
[Black "Matnadze, Ana"]
[Result "1-0"]
[WhiteElo "2349"]
[BlackElo "2388"]
[PlyCount "77"]
[EventDate "2018.05.07"]

1. d4 {[%clk 1:30:50]} Nf6 {[%clk 1:30:45]} 2. c4 {[%clk 1:31:15]} e6
{[%clk 1:31:11]} 3. Nc3 {[%clk 1:31:34]} d5 {[%clk 1:30:05]} 4. cxd5
{[%clk 1:31:32]} exd5 {[%clk 1:30:33]} 5. Bg5 {[%clk 1:31:52]} Be7
{[%clk 1:30:36]} 6. e3 {[%clk 1:32:15]} c6 {[%clk 1:31:02]} 7. Bd3
{[%clk 1:32:22]} Nbd7 {[%clk 1:31:24]} 8. Qc2 {[%clk 1:32:24]} Nf8
{[%clk 1:31:39]} 9. Nge2 {[%clk 1:32:03]} Ne6 {[%clk 1:32:01]} 10. Bh4
{[%clk 1:32:26]} g6 {[%clk 1:31:50]} 11. f3 {[%clk 1:32:26]} O-O {[%clk 1:29:58]}
12. O-O-O {[%clk 1:30:52]} b5 {[%clk 1:27:41]} 13. g4 {[%clk 1:27:19]} Bb7
{[%clk 1:22:58]} 14. Kb1 {[%clk 1:25:11]} Rc8 {[%clk 1:16:07]} 15. Nf4
{[%clk 1:20:54]} Nxf4 {[%clk 1:10:00]} 16. exf4 {[%clk 1:19:57]} c5
{[%clk 1:05:18]} 17. dxc5 {[%clk 1:00:29]} Rxc5 {[%clk 1:01:05]} 18. Bf2
{[%clk 0:59:12]} d4 {[%clk 0:47:31]} 19. Be2 {[%clk 0:56:21]} Qa8
{[%clk 0:31:33]} 20. Bxd4 {[%clk 0:50:08]} Rcc8 {[%clk 0:31:48]} 21. Bxb5
{[%clk 0:19:37]} Bxf3 {[%clk 0:31:18]} 22. Rhe1 {[%clk 0:18:48]} Bxd1
{[%clk 0:21:48]} 23. Qxd1 {[%clk 0:17:04]} Nd5 {[%clk 0:05:40]} 24. f5
{[%clk 0:02:48]} Rfd8 {[%clk 0:04:11]} 25. Qa4 {[%clk 0:01:42]} Bh4
{[%clk 0:03:49]} 26. Rf1 {[%clk 0:01:40]} Nb6 {[%clk 0:02:26]} 27. Qb3
{[%clk 0:00:32]} Rxd4 {[%clk 0:02:13]} 28. fxg6 {[%clk 0:00:52]} Nd5
{[%clk 0:01:28]} 29. Ne2 {[%clk 0:00:36]} Rxg4 {[%clk 0:01:14]} 30. gxf7+
{[%clk 0:00:34]} Kf8 {[%clk 0:01:33]} 31. Bd7 {[%clk 0:00:34]} Rb8
{[%clk 0:01:24]} 32. Qc2 {[%clk 0:00:33]} Rg6 {[%clk 0:00:47]} 33. Nd4
{[%clk 0:00:34]} Ne3 {[%clk 0:00:39]} 34. Qc5+ {[%clk 0:00:33]} Be7
{[%clk 0:00:57]} 35. Qe5 {[%clk 0:00:35]} Rf6 {[%clk 0:00:35]} 36. Rg1
{[%clk 0:00:33]} Qg2 {[%clk 0:00:31]} 37. Qxb8+ {[%clk 0:00:37]} Kxf7
{[%clk 0:00:36]} 38. Qe8+ {[%clk 0:00:42]} Kg7 {[%clk 0:01:00]} 39. Qxe7+
{[%clk 0:00:37]} 1-0

[Event "Top 12 Feminin Groupe A"]
[Site "Juvisy sur Orge"]
[Date "2018.05.07"]
[Round "4.2"]
[White "Safranska, Anda"]
[Black "Partac, Elena"]
[Result "1/2-1/2"]
[WhiteElo "2200"]
[BlackElo "2091"]
[PlyCount "112"]
[EventDate "2018.05.07"]

1. g3 {[%clk 1:30:57]} c5 {[%clk 1:30:39]} 2. e4 {[%clk 1:31:03]} Nc6
{[%clk 1:31:04]} 3. Bg2 {[%clk 1:31:27]} g6 {[%clk 1:31:21]} 4. Ne2
{[%clk 1:31:25]} Bg7 {[%clk 1:31:44]} 5. c3 {[%clk 1:31:46]} e5 {[%clk 1:29:39]}
6. d3 {[%clk 1:32:07]} Nge7 {[%clk 1:28:49]} 7. Be3 {[%clk 1:32:23]} d6
{[%clk 1:19:06]} 8. O-O {[%clk 1:32:33]} O-O {[%clk 1:16:18]} 9. f4
{[%clk 1:32:49]} exf4 {[%clk 1:08:09]} 10. gxf4 {[%clk 1:32:07]} f5
{[%clk 1:07:42]} 11. Nd2 {[%clk 1:31:48]} h6 {[%clk 0:56:02]} 12. Nf3
{[%clk 1:26:50]} Kh7 {[%clk 0:54:37]} 13. Ng3 {[%clk 1:25:20]} Be6
{[%clk 0:45:41]} 14. Qd2 {[%clk 1:16:22]} Qd7 {[%clk 0:29:16]} 15. a3
{[%clk 0:58:25]} Rad8 {[%clk 0:29:16]} 16. b4 {[%clk 0:58:25]} b6
{[%clk 0:29:16]} 17. Rab1 {[%clk 0:58:25]} c4 {[%clk 0:29:16]} 18. d4
{[%clk 0:58:25]} fxe4 {[%clk 0:29:16]} 19. Nxe4 Bf5 {[%clk 0:01:54]} 20. Nh4
{[%clk 0:44:04]} d5 {[%clk 0:00:51]} 21. Nxf5 {[%clk 0:44:19]} Nxf5
{[%clk 0:01:06]} 22. Ng3 {[%clk 0:44:05]} Rde8 {[%clk 0:00:50]} 23. Nxf5
{[%clk 0:43:09]} Qxf5 {[%clk 0:01:09]} 24. Rbe1 {[%clk 0:41:44]} Ne7
{[%clk 0:00:49]} 25. Rf3 {[%clk 0:37:46]} Nc8 {[%clk 0:00:45]} 26. Bh3
{[%clk 0:36:49]} Qh5 {[%clk 0:00:37]} 27. Qg2 {[%clk 0:30:16]} Qh4
{[%clk 0:01:05]} 28. Rg3 {[%clk 0:29:22]} Ne7 {[%clk 0:00:59]} 29. Rf1
{[%clk 0:22:03]} Qf6 {[%clk 0:00:34]} 30. f5 {[%clk 0:17:05]} gxf5
{[%clk 0:00:59]} 31. Kh1 {[%clk 0:16:33]} Rg8 {[%clk 0:00:41]} 32. Qc2
{[%clk 0:16:00]} Ref8 {[%clk 0:00:40]} 33. Rgf3 {[%clk 0:16:02]} Qh4
{[%clk 0:00:35]} 34. Bxf5+ {[%clk 0:13:29]} Nxf5 {[%clk 0:01:03]} 35. Rxf5
{[%clk 0:13:53]} Kh8 {[%clk 0:01:07]} 36. Bf2 {[%clk 0:05:48]} Qh3
{[%clk 0:00:40]} 37. Bg3 {[%clk 0:06:05]} Re8 {[%clk 0:00:34]} 38. Qg2
{[%clk 0:06:00]} Qxg2+ {[%clk 0:00:36]} 39. Kxg2 {[%clk 0:06:26]} Rgf8
{[%clk 0:00:36]} 40. Rxd5 {[%clk 0:03:54]} Re2+ {[%clk 0:00:58]} 41. Rf2
{[%clk 0:04:20]} Rfxf2+ {[%clk 0:01:10]} 42. Bxf2 {[%clk 0:04:46]} Rc2
{[%clk 0:01:32]} 43. Rd8+ {[%clk 0:05:04]} Kh7 {[%clk 0:01:58]} 44. Rd7
{[%clk 0:04:38]} Rxc3 {[%clk 0:02:11]} 45. d5 {[%clk 0:04:08]} Rd3
{[%clk 0:01:45]} 46. Rxa7 {[%clk 0:04:26]} b5 {[%clk 0:00:58]} 47. Bc5
{[%clk 0:02:23]} Rxd5 {[%clk 0:01:15]} 48. Kf3 {[%clk 0:01:51]} c3
{[%clk 0:01:03]} 49. Rc7 {[%clk 0:01:46]} Kg6 {[%clk 0:00:54]} 50. Be3
{[%clk 0:01:43]} Rd1 {[%clk 0:00:40]} 51. Rc6+ {[%clk 0:01:28]} Kh7
{[%clk 0:00:41]} 52. Ke4 {[%clk 0:01:22]} Ra1 {[%clk 0:00:38]} 53. Rc7
{[%clk 0:01:32]} Kg6 {[%clk 0:00:53]} 54. Rc6+ {[%clk 0:01:17]} Kh7
{[%clk 0:01:17]} 55. Rc7 {[%clk 0:01:12]} Kg6 {[%clk 0:01:43]} 56. Rc6+
{[%clk 0:01:39]} Kh7 {[%clk 0:02:00]} 1/2-1/2

[Event "Top 12 Feminin Groupe A"]
[Site "Juvisy sur Orge"]
[Date "2018.05.07"]
[Round "4.3"]
[White "Sidibe, Malika"]
[Black "Flear, Christine"]
[Result "0-1"]
[WhiteElo "1830"]
[BlackElo "2090"]
[PlyCount "82"]
[EventDate "2018.05.07"]

1. e4 {[%clk 1:30:58]} c5 {[%clk 1:30:50]} 2. Nf3 {[%clk 1:31:23]} e6
{[%clk 1:31:08]} 3. d4 {[%clk 1:31:45]} cxd4 {[%clk 1:31:35]} 4. Nxd4
{[%clk 1:32:13]} a6 {[%clk 1:31:48]} 5. Nc3 {[%clk 1:32:25]} Qc7 {[%clk 1:32:00]}
6. Be2 {[%clk 1:32:23]} b5 {[%clk 1:31:31]} 7. a3 {[%clk 1:21:34]} Bb7
{[%clk 1:30:57]} 8. O-O {[%clk 1:17:38]} Nc6 {[%clk 1:24:58]} 9. Kh1
{[%clk 1:13:54]} Nf6 {[%clk 1:17:47]} 10. f4 {[%clk 0:57:04]} Nxd4
{[%clk 1:02:42]} 11. Qxd4 {[%clk 0:57:14]} Bc5 {[%clk 1:03:06]} 12. Qd3
{[%clk 0:57:02]} d5 {[%clk 0:57:27]} 13. exd5 {[%clk 0:39:47]} Nxd5
{[%clk 0:56:35]} 14. Bf3 {[%clk 0:30:08]} Rd8 {[%clk 0:47:29]} 15. Nxd5
{[%clk 0:23:11]} Bxd5 {[%clk 0:47:46]} 16. Bxd5 {[%clk 0:23:38]} Rxd5
{[%clk 0:47:58]} 17. Qc3 {[%clk 0:22:08]} O-O {[%clk 0:47:06]} 18. Be3
{[%clk 0:13:24]} Rc8 {[%clk 0:38:35]} 19. Rac1 {[%clk 0:12:41]} Qd8
{[%clk 0:30:57]} 20. Qe1 {[%clk 0:08:00]} Bxe3 {[%clk 0:26:18]} 21. Qxe3
{[%clk 0:08:28]} g6 {[%clk 0:24:56]} 22. Qf3 {[%clk 0:05:09]} Rd2
{[%clk 0:23:17]} 23. Rf2 {[%clk 0:02:59]} Qd4 {[%clk 0:21:25]} 24. Rxd2
{[%clk 0:01:25]} Qxd2 {[%clk 0:21:53]} 25. Qf1 {[%clk 0:01:47]} Rc4
{[%clk 0:14:24]} 26. g3 {[%clk 0:01:06]} h5 {[%clk 0:10:29]} 27. Qd1
{[%clk 0:01:00]} Qxd1+ {[%clk 0:08:01]} 28. Rxd1 {[%clk 0:01:28]} Rxc2
{[%clk 0:08:25]} 29. Rb1 {[%clk 0:01:02]} Kg7 {[%clk 0:08:40]} 30. b4
{[%clk 0:01:10]} Ra2 {[%clk 0:08:17]} 31. Rb3 {[%clk 0:01:38]} Kf6
{[%clk 0:08:38]} 32. Re3 {[%clk 0:01:21]} Kf5 {[%clk 0:08:02]} 33. h3
{[%clk 0:01:34]} h4 {[%clk 0:07:16]} 34. Re5+ {[%clk 0:01:51]} Kf6
{[%clk 0:07:39]} 35. gxh4 {[%clk 0:02:16]} Rxa3 {[%clk 0:07:25]} 36. Kg2
{[%clk 0:02:42]} Ra4 {[%clk 0:07:24]} 37. Kf3 {[%clk 0:01:46]} Rxb4
{[%clk 0:07:48]} 38. Kg4 {[%clk 0:02:10]} a5 {[%clk 0:06:25]} 39. Re3
{[%clk 0:01:02]} a4 {[%clk 0:06:49]} 40. h5 {[%clk 0:01:00]} gxh5+
{[%clk 0:06:42]} 41. Kxh5 {[%clk 0:01:26]} Rb3 {[%clk 0:06:48]} 0-1